000 00522nam a22001817a 4500
999 _c171534
_d171534
005 20200115112120.0
010 _aENG-127423
020 _a9789381574843
_c400.00
035 _aEN-110955
037 _bDBAD/PUB
082 _a301.153
100 _aBose,Nirmal Kumar
245 _aStudies in Gandhism:
_cby Nirmal Kumar Bose
_bA selection/
260 _aKolkata
_bThe Asiatic society
_c2019
270 _a1,Park street
_bKolkata
_e700016
300 _a240p.
_c22cm(hb)
942 _2ddc
_cEN
_h301.153
_mBOS